| 000 | 00572nam a2200181 i 4500 | ||
|---|---|---|---|
| 001 | 140157 | ||
| 003 | ES-MaACL | ||
| 005 | 20230906200024.0 | ||
| 007 | t| | ||
| 008 | 070214s1924 sp b |||| | spa d | ||
| 100 | 1 |
_aSchulten, Adolf. _9104768 |
|
| 245 | 1 | 0 |
_aTartessos _b: contribución a la historia antigua de Occidente / _cAdolf Schulten. |
| 260 |
_aMadrid : _bJiménez y Molina, _c1924. |
||
| 300 |
_a204 p., 2 h. de mapas ; _c22 cm. |
||
| 651 | 4 |
_aTartessos- _xHistoria. _99430 |
|
| 651 | 4 |
_aTartessos- _xRestos arqueológicos. _9169932 |
|
| 852 |
_aES-MaACL _jF-5760 |
||
| 999 |
_c140157 _d140157 |
||